Vincitori Golden Foot - Statistics

Statistiche generali
  • Questo quiz è stato fatto 22 volte
    10 dall'ultimo reset
  • Il punteggio medio è 14 su 21
Statistiche sulle risposte
Edizione Nazione Squadra Calciatore % Corretto
2020 Portogallo Juventus Cristiano Ronaldo
100%
2006 Brasile Real Madrid Ronaldo
100%
2007 Italia Juventus Alessandro Del Piero
88%
2019 Croazia Real Madrid Luka Modrić
88%
2021 Egitto Liverpool Mohamed Salah
88%
2004 Repubblica Ceca Juventus Pavel Nedvěd
88%
2022 Polonia Barcellona Robert Lewandowski
88%
2005 Ucraina Milan Andrij Shevchenko
75%
2013 Costa d'Avorio Galatasaray Didier Drogba
75%
2018 Uruguay Paris Saint-Germain Edinson Cavani
75%
2010 Italia Roma Francesco Totti
75%
2024 Argentina Inter Lautaro Martinez
75%
2012 Svezia Paris Saint-Germain Zlatan Ibrahimović
75%
2003 Italia Brescia Roberto Baggio
63%
2014 Spagna Barcellona Andrés Iniesta
50%
2016 Italia Juventus Gianluigi Buffon
50%
2011 Galles Manchester United Ryan Giggs
50%
2015 Camerun Antalyaspor Samuel Eto'o
50%
2017 Spagna Porto Iker Casillas
25%
2008 Brasile Fenerbahçe Roberto Carlos
25%
2009 Brasile Milan Ronaldinho
25%
Nessun quiz corrispondente trovato
Distribuzione punteggi
Percentuale di utenti per punteggio
Percentile per numero di risposta
I tuoi punteggi nel tempo
Non hai fatto questo quiz dall'ultimo reset